Abida mere dil se (Record no. 55722)

MARC details
000 -LEADER
fixed length control field 02790nam a22004697a 4500
001 - CONTROL NUMBER
control field DVD-007441-449
005 - DATE AND TIME OF LATEST TRANSACTION
control field 20110819145632.0
007 - PHYSICAL DESCRIPTION FIXED FIELD--GENERAL INFORMATION
fixed length control field sd fsngnnmmned
008 - FIXED-LENGTH DATA ELEMENTS--GENERAL INFORMATION
fixed length control field 020603s2002 ii sgn | ef 00| 0 urd
010 ## - LIBRARY OF CONGRESS CONTROL NUMBER
LC control number DVD-007441-449
024 ## - OTHER STANDARD IDENTIFIER
Standard number or code TDIGH 014C
Terms of availability 295.00
028 02 - PUBLISHER NUMBER
Publisher number TDIGH 014C
Source Times Music
035 ## - SYSTEM CONTROL NUMBER
System control number DVD-007441-449
040 ## - CATALOGING SOURCE
Original cataloging agency DPL
Transcribing agency DPL
Modifying agency DPL
082 ## - DEWEY DECIMAL CLASSIFICATION NUMBER
Classification number DVD ABID
100 0# - MAIN ENTRY--PERSONAL NAME
Personal name ʻĀbidah Parvīn,
9 (RLIN) 33223
245 10 - TITLE STATEMENT
Title Abida mere dil se
Medium [sound recording] :
Remainder of title timeless music-- .
260 ## - PUBLICATION, DISTRIBUTION, ETC. (IMPRINT)
Place of publication, distribution, etc Mumbai :
Name of publisher, distributor, etc Times Music,
Date of publication, distribution, etc c2003.
300 ## - PHYSICAL DESCRIPTION
Extent 1 sound disc :
Other physical details digital ;
Dimensions 4 3/4 in. +
Accompanying material 1 booklet.
500 ## - GENERAL NOTE
General note Urdu ghazals.
500 ## - GENERAL NOTE
General note "Music arrangements, Bhavdeep Jaipurwale"--Container.
500 ## - GENERAL NOTE
General note Compact disc.
500 ## - GENERAL NOTE
General note Production level cataloging.
505 0# - FORMATTED CONTENTS NOTE
Formatted contents note Main naraye mastana-Jis din ke saajan-Tu ne diwana banaya-Preetam mat pardes-ajab nain tere-hairan hua hairan hua-hum ko pasand yaar ki
538 ## - SYSTEM DETAILS NOTE
System details note DVD
546 ## - LANGUAGE NOTE
Language note Sung in Urdu.
650 #0 - SUBJECT ADDED ENTRY--TOPICAL TERM
Topical term or geographic name as entry element Ghazals, Urdu
Geographic subdivision Pakistan.
9 (RLIN) 33224
650 #0 - SUBJECT ADDED ENTRY--TOPICAL TERM
Topical term or geographic name as entry element Vocal music
Geographic subdivision Pakistan.
9 (RLIN) 33225
700 1# - ADDED ENTRY--PERSONAL NAME
Personal name Jaipuria, Bhavdeep
9 (RLIN) 33226
942 ## - ADDED ENTRY ELEMENTS (KOHA)
Source of classification or shelving scheme Dewey Decimal Classification
Item type English Books
Classification part DVD
Call number suffix ABID
Holdings
Withdrawn status Lost status Source of classification or shelving scheme Damaged status Not for loan Collection code Home library Current library Date acquired Source of acquisition Cost, normal purchase price Total Checkouts Full call number Barcode Date last seen Date last borrowed Copy number Cost, replacement price Price effective from Koha item type
    Dewey Decimal Classification     Non-fiction Central Library Central Library 19/08/2011 pioneer/1226/28.3.11 295.00 8 DVD ABID DVD-007441 28/06/2016 25/06/2016 1 295.00 19/08/2011 CD-ROMs, DVDs, VHS
    Dewey Decimal Classification     Non-fiction Janak Puri Janak Puri 19/08/2011 pioneer/1226/28.3.11 295.00 3 DVD ABID DVD-007443 26/07/2014 05/07/2014 1 295.00 19/08/2011 CD-ROMs, DVDs, VHS
    Dewey Decimal Classification     Non-fiction Karol Bagh Karol Bagh 19/08/2011 pioneer/1226/28.3.11 295.00   DVD ABID DVD-007447 19/08/2011   1 295.00 19/08/2011 CD-ROMs, DVDs, VHS
    Dewey Decimal Classification     Non-fiction Narela Narela 19/08/2011 pioneer/1226/28.3.11 295.00 1 DVD ABID DVD-007448 04/03/2012 28/02/2012 1 295.00 19/08/2011 CD-ROMs, DVDs, VHS
    Dewey Decimal Classification     Non-fiction Patel Nagar Patel Nagar 19/08/2011 pioneer/1226/28.3.11 295.00 3 DVD ABID DVD-007442 18/06/2013 12/06/2013 1 295.00 19/08/2011 CD-ROMs, DVDs, VHS
    Dewey Decimal Classification     Non-fiction R.K.Puram-8 R.K.Puram-8 19/08/2011 pioneer/1226/28.3.11 295.00   DVD ABID DVD-007445 19/08/2011   1 295.00 19/08/2011 CD-ROMs, DVDs, VHS
    Dewey Decimal Classification     Non-fiction Sarojini Nagar Sarojini Nagar 19/08/2011 pioneer/1226/28.3.11 295.00 3 DVD ABID DVD-007444 18/11/2014 17/11/2014 1 295.00 19/08/2011 CD-ROMs, DVDs, VHS
    Dewey Decimal Classification     Non-fiction Shahdara Branch Shahdara Branch 19/08/2011 pioneer/1226/28.3.11 295.00   DVD ABID DVD-007449 19/08/2011   1 295.00 19/08/2011 CD-ROMs, DVDs, VHS
    Dewey Decimal Classification     Non-fiction Vinoba Puri Vinoba Puri 19/08/2011 pioneer/1226/28.3.11 295.00   DVD ABID DVD-007446 19/08/2011   1 295.00 19/08/2011 CD-ROMs, DVDs, VHS

© Delhi Public Library
Hit Counter
free hit counter